Missing Word: 'To' Movie Starters Quiz Stats

 Plays Quiz Updated Jul 13, 2019

Score 0/18 Timer 03:00
114 Plays Today
Hint Word % Correct
Toy _____ 3Story
98.2%
To Be or _____ To BeNot
97.4%
To Kill a _____Mockingbird
96.3%
Tomb _____Raider
95.2%
Tomorrow _____ DiesNever
95%
Top _____Gun
92.6%
Total _____Recall
90.1%
Topsy-_____Turvy
89.7%
Tooth _____Fairy
86.2%
Hint Word % Correct
To _____ ForDie
84%
To Catch a _____Thief
81.1%
To _____, With LoveSir
70.3%
Tommy _____Boy
60.1%
To Live and Die in _____L.A.
58.3%
Torch _____ TrilogySong
41.6%
Tower _____Heist
39.1%
Torn _____Curtain
29.5%
Touch of _____Evil
27.8%

Today's Daily Dose

Word Ladder
Lean on Me

Get the Picture
Superhero by Villain

You're not logged in!

Compare scores with friends on all Sporcle quizzes.
OR
Log In

Sporcle TV

Today on Sporcle TV


Watch our educational content, quiz creation guides, and fun videos on Sporcle TV.

Show Comments

Extras

Top Quizzes Today


Score Distribution

Your Account Isn't Verified!

In order to create a playlist on Sporcle, you need to verify the email address you used during registration. Go to your Sporcle Settings to finish the process.

Report this User

Report this user for behavior that violates our Community Guidelines.

Details: